[Event "Stuttgart-chB int"]
[Site "Ditzingen"]
[Date "2018.05.11"]
[Round "3"]
[White "Kaufhold, Stephan"]
[Black "Volk, Oskar"]
[Result "1/2-1/2"]
[WhiteElo "1857"]
[BlackElo "1617"]
[PlyCount "53"]
[EventDate "2018.05.10"]
[EventType "swiss"]
[EventRounds "7"]
[EventCountry "GER"]
[SourceTitle "EXT 2020"]
[Source "ChessBase"]
[SourceDate "2019.10.17"]
[SourceVersion "1"]
[SourceVersionDate "2019.10.17"]
[SourceQuality "1"]

1. d4 d6 2. Nf3 g6 3. e4 Nf6 4. Nc3 Bg7 5. Bc4 0-0 6. 0-0 Bg4 7. h3 Bxf3 8. Qxf3 Nbd7 9. Be3 c6 10. Rad1 Qc7 11. a3 b5 12. Bd3 a6 13. Qg3 c5 14. dxc5 Nxc5 15. f4 Ncd7 16. Qh4 Nb6 17. g4 Nc4 18. Bxc4 Qxc4 19. e5 dxe5 20. fxe5 Qe6 21. Bf4 Nd7 22. Rfe1 Nxe5 23. Qg3 Qb6+ 24. Kh2 Nc6 25. Nd5 Qb7 26. c3 e6 27. Nb4 1/2-1/2